00325nam a2200145Ia 45000030006000000080041000060400015000471000029000622450011000912500006001022600034001083000006001425460014001480050017001620STCL150530s9999 xx 000 0 und d aSTCLcSTCL aVallathol NArayana Menon aBapuji a6 bVallathol Vedi: Thissurc1969 a0 aMalayalam20220125170720.0